• 首页
  • 本馆介绍
  • 公告通知
  • 最新文献
  • 馆藏检索
  • 电子资源
  • 读者导购
  • 参考咨询
  • 我的图书馆
  • 登录
  • 详细信息显示
  • 放入我的书架
  • 预约/预借图书
  • 作者相关作品
  • 分类相关作品
  • 丛书相关作品
  • 出版社相关作品

书目信息

  • 表格格式
  • 工作单格式
  • 卡片格式
题名:
世界语课本
    
 
作者: ;中华全国世界语协会教材组
分册:  
出版信息: 北京   中国报道社出版  1981
页数: 425页
开本: 19cm
丛书名:
单 册:
中图分类: H91
科图分类:
主题词: 世界语
电子资源:
ISBN:
000 00589nam0 2200181 45
001 0405091700
005 20070709100944.29
010    @dCNY1.90
100    @a20040509d1981 km y0chiy0120 ea
101 0  @achi
200 1  @a世界语课本@AShi Jie Yu Ke Ben@f中华全国世界语协会教材组编@FZhong Hua Quan Guo Shi Jie Yu Xie Hui Jiao Cai Zu Bian
210    @a北京@c中国报道社出版@d1981
215    @a425页@d19cm
606 0  @a世界语
690    @aH91@v3
711 02 @a中华全国世界语协会教材组@AZhong Hua Quan Guo Shi Jie Yu Xie Hui Jiao Cai Zu
801    @aCN@bTSTCL@c20070709
905    @f2@b123678-679@dH91@e7
    
    世界语课本/中华全国世界语协会教材组编.-北京:中国报道社出版,1981
    425页;19cm
    
    
    ISBN :CNY1.90
    
●
相关链接 在E读中查询图书 在五车中查询图书 在当当中查询图书 在豆瓣中查询图书


正题名:世界语课本     索取号:H91/7         预约/预借

序号 登录号 条形码 馆藏地/架位号 状态 备注
1 0123678   001169176   第四借阅区/ [索取号:H91/7] 在馆    
2 0123679   001169149   第四借阅区/ [索取号:H91/7] 在馆    
3 0765863   207658630   密集书库/ [索取号:H91/7] 在馆    
唐山师范学院图书馆 欢迎您!
大连网信软件有限公司© 版权所有